Vznik pomníka Dobrianskeho

Bibliographic Details
Format: Article
Language:Slovak
Subjects:

MARC

LEADER 00000nab a22000001a 4500
001 vtls010308311
003 SK-MaSNL
005 20260303091510.0
008 110902d19281116xo |r|p|||| |000 b|slo
015 |a SNBRRBVU1918-1938 
038 |a SNKBUCL 
040 |a SNKBUVU  |b slo  |c SNKBUCL  |e AACR2 
041 0 |a slo 
044 |a xo  |c SK 
080 |a 730.071.1  |2 1997 
080 |a 730.027  |2 1997 
080 |a 725.94  |2 1997 
245 0 0 |a Vznik pomníka Dobrianskeho 
600 1 7 |a Majerský, Ladislav,  |d 1900-1965  |2 MM  |9 38640 
600 1 7 |a Dobriansky, Adolf I.,  |d 1817-1901  |2 MM  |9 142221 
648 7 |a 1928  |2 snkbucl  |9 390141 
650 0 7 |a slovenské sochárstvo  |2 MM  |9 3052 
650 0 7 |a busty  |2 MM  |9 29694 
650 0 7 |a pomníky  |2 MM  |9 3013 
651 7 |a Michalovce (Slovensko)  |2 MM  |9 22487 
773 0 |t Zemplínske noviny  |g Roč. 1, č. 5 (16.11.1928), s. 1-2 
852 |a SNK  |b KIS3GCP 
910 |a snkrbvumm 
958 |a VY 
999 |c 1807939  |d 1809869